| 000 | 00505nam a2200145 a 4500 | ||
|---|---|---|---|
| 001 | 000038627 | ||
| 005 | 20201002031320.0 | ||
| 008 | 130416s20uu dr a 000 0 spa d | ||
| 040 |
_aDO-SdBNP _bspa _cBNPHU |
||
| 100 | 1 |
_aCarazzone, Carola _964960 |
|
| 245 | 1 | 0 |
_aVive la vida : _b¡vivan todos los derechos para todos! / _cCarola Carazzone, Francesca Lange. |
| 260 |
_aSanto Domingo : _bMuchachos y Muchachas con Don Bosco, _c[20-?]. |
||
| 300 |
_a300 p. : _bils. ; _c29 cm. |
||
| 504 | _aBibliografía : p. 299 | ||
| 999 |
_c38117 _d38117 |
||